000 01130cam a2200337 i 4500
001 25887
003 Mx-PuUPA
005 20250708112240.0
008 140415s2000 sp gr 001 0 spa d
017 _aM. 8.602-2000
020 _a8477387338
_qVolumen I
020 _a8477387354
_qObra completa
040 _aMx-PuUPA
_bspa
_cMx-PuUPA
_dMx-PuUPA
_erda
041 0 _aspa
100 1 _aMoreno, César,
_d1961-
_eautor
_913819
245 1 0 _aFenomenología y filosofía existencias.
_nVolumen I,
_pEnclaves fundamentales /
_cCésar Moreno
264 1 _aMadrid, España :
_bEditorial Síntesis,
_c[2000?]
300 _a221 páginas ;
_c22 cm
336 _2rdacontent
_atexto
_btxt
337 _2rdamedia
_asin medio
_bn
338 _2rdacarrier
_avolumen
_bnc
490 _aFilosofía
490 _aThémata ;
_v14
650 7 _2armarc
_aExistencialismo
650 7 _2armarc
_aFenomenología
650 7 _2armarc
_aFilosofía
_ySiglo XX
942 _2ddc
_cLI
_h142.78
_iM82
999 _c25887
_d25887